00567nam a22001697a 450000500170000001000150001702000260003203500130005803700130007108200140008410000250009824500820012326000540020527000640025930000240032350000500034720131217145204.0 aENG-108845 a9789381176696c895.00 aEN-92378 bDBAD/PUB a346.54048 aVenkateswar Rao, G.  aIntellectual property rights :cby G. Venkateswar Raobpatent laws in India / aNew DelhibSSDN Publishers and Distributorsc2013 a5A, Sahni Mansion, Ansari Road DaryaganjbNew Delhie110002 axxi,280p.c22cm(Hb) aIncludes bibliographical references and index